000 00905nam a2200253 i 4500
001 180752
003 ES-MaACL
005 20240123152733.0
008 120709s2009 sp a |||| | spa d
020 _a978-84-92711-03-1
080 _a913(460.283 C.)(0:82)
100 1 _aLucas Aledón, José Luis.
_9150913
245 1 0 _aViaje lírico por los hocinos de Cuenca /
_cJosé Luis Lucas Aledón.
260 _aCuenca :
_bDiputación Provincial de Cuenca,
_c[2009]
300 _a308 p. :
_bil. ;
_c20 x 20 cm.
490 1 _aCreación literaria ;
_v24
651 4 _aCuenca-
_xEn la literatura.
_9150915
700 1 _aRomero Sáiz, Miguel,
_d1952-
_9150914
710 1 _aCuenca (Provincia).
_bDiputación Provincial.
_93346
830 0 _aCreación literaria ;
_v24
_9178462
852 _aES-MaACL
_jA-12125
_9187669
_bR.146798
_cDEPO1
_dOlim: N-5130
942 _2udc
_cMONOGRAFIA
999 _c180752
_d180752